Devinez les pays grâce à des jeux de mots très moyens - Statistiques

Statistiques générales
  • Ce quiz a été pris 78 fois
    40 depuis la dernière actualisation
  • Le résultat moyen est 6 sur 30
Statistiques - réponses
Jeux de mots Réponse % Correct
États hauts Pays-Bas
78%
Amérique du Nord Afrique du Sud
41%
... 3,4 Inde
41%
Méridien Équateur
38%
S'agit-il se paréo ? Espagne
38%
Pain à l'argent Argentine
34%
Ici squelette Laos
31%
(il) Brocante Chine
28%
Naseaux fades Népal
25%
Sur gencive Soudan
25%
Boum la banqueroute Bangladesh
19%
Tête en l'air Cuba
19%
Claquette Z Tonga
19%
Mec bien Gabon
16%
Ah mec Oman
16%
Propre Anakin Salvador
16%
Y paye cher Irak
13%
Sombrero Panama
13%
Épaule de kératine Côte d'Ivoire
9%
Et 100 souris cultivables ensembles Émirats arabes unis
9%
Archipel Sergent Îles Marshall
9%
Minuscule monstre du Loch Ness Micronésie
9%
Démocratie salutation République tchèque
9%
Fiak roi Ukraine
9%
Nous brûlons Hongrie
6%
Apathique d'opinion Moldavie
6%
Fatigue Andorre
3%
Haut Mossad Bahamas
3%
Bœuf à couac Jamaïque
3%
Ultra beau gosse Tchad
3%
Aucun quiz correspondant
Distribution des résultats
% des personnes avec chaque résultat
Percentile par nombre de réponses
Votre historique - résultats
Vous n’avez pas pris ce quiz depuis la dernière actualisation